000 00950nas a2200313 4500
001 BR8400108
003 BR-BrBNA
005 20231205085743.0
007 ta
008 230509b bl.|||p| |||| 00| 00por d
040 _aBR-BrBNA
_bpor
_cBiblioteca Nacional de Agricultura
041 _a(Pt)
072 _aL30
100 1 _aAlbino, L.F.T.
100 1 _aMichelan Filho, T.
100 1 _aFialho, E.T.
100 1 _aGomes, P.C.
245 1 _aSubstituicao do farelo de colza por farelo de soja em racoes para frangos de corte
246 1 _aReplacement of rapeseed meal by soybean meal protein in broilers ration
650 _aFRANGO DE CORTE
650 _aFARELO
650 _aRACAO
650 _aCOLZA
650 _aSOJA
650 _aPROTEINA
773 0 _tPesquisa Agropecuaria Brasileira (Brazil)
_xISSN 0100-204X
_g(Jun 1983), v. 18(6) p. 679-683
_wBR8400108
909 _a202311
_bLúcia
_c55
_dLúcia Elande
942 _2AGRIS
_n0
_cANA
999 _c113570
_d113570